The cryptogram challenge : over 150 codes to crack and ciphers to break

Bibliographic Details
Main Author: Allen, Robert
Format: Book
Published: New York : Thunder's Mouth Press , 2005
Subjects:

MARC

LEADER 00000cam a2200000 7i4500
001 0000102762
005 20070312.0
020 |a 1560257148 
090 0 0 |a 796.73   |b ALL 
100 1 |a Allen, Robert 
245 1 4 |a The cryptogram challenge :   |b over 150 codes to crack and ciphers to break   |c Robert Allen 
260 |a New York :   |b Thunder's Mouth Press ,   |c 2005 
300 |a 192p. ;   |c 26cm. 
650 0 0 |a Cryptograms 
999 |a 00197323   |b BUKU   |c PINJAMAN   |e PERPUSTAKAAN KOMUNITI PETALING JAYA